LDR 00909nam a2200217 i 4500 001 000000228616 003 CaOOAMICUS 005 20260327103443.0 008 140404s1994 it u000 u ita u 040 $aSeMil$bita 245 10$a2: Dizionario della lingua latina e di voci moderne. 264 1$aFirenze :$bLeo S. Olschki,$c1994. 300 $aP. 331-715 ;$c26 cm 773 0 $t2: Dizionari etimologici.$dFirenze : Leo S. Olschki, 1994.$kBiblioteca dell'Archivum romanicum. Serie 2., Linguistica$z978-88-222-4233-4$g2$w()6767 850 $aSeMil 852 $aSeMil$W1$xVenegono$y1$m1P IV 3/2$j269174$B178962$CSeMilBibl$Z2$F190189 $81 941 1 $a4 961 $aOmaggio: Martini Card. Carlo Maria 996 $6245$a2: Dizionario della lingua latina e di voci moderne$9(OLS)http://semarc/title/425876 996 $6264$aFirenze :$bLeo S. Olschki$9(OLS)http://semarc/publisher/29957